Padé-type approximation and general orthogonal polynomials

Gorde:
Xehetasun bibliografikoak
Egile nagusia: Brezinski, Claude (Egilea)
Formatua: Liburua
Hizkuntza:ingelesa
Argitaratua: Basilea Birkhauser 1980
Saila:ISNM, 50
Gaiak:
Etiketak: Etiketa erantsi
Etiketarik gabe, Izan zaitez lehena erregistro honi etiketa jartzen!

MARC

LEADER 00000nam a2200000 a 4500
001 UCP1631
003 CL-VaPUC
008 990416e19800000SZ |||||||||||||||||eng|d
082 0 4 |a 515.55  |b BRE  |2 21 
100 0 |a Brezinski, Claude  |e author  |9 427790 
245 1 0 |a Padé-type approximation and general orthogonal polynomials 
300 |a 250 p 
942 |c BK 
945 |d 19990416 00:00:00  |a crobeson 
260 |a Basilea  |b Birkhauser  |c 1980 
650 7 |a POLINOMIOS ORTOGONALES  |2 CL-VaPUC  |9 427791 
650 0 |a Análisis numérico   |9 259387 
650 0 |a Matrices   |9 22 
650 0 |a Algoritmos   |9 260639 
583 |a last modification  |c 19990416 00:00:00  |k Rodrigo Vera 
490 0 |a ISNM, 50 
999 |c 280297  |d 280295 
952 |0 0  |1 0  |4 0  |6 515_550000000000000_BRE_1980  |7 0  |8 A  |9 320548  |a BIBMAT  |b BIBMAT  |d 2019-11-20  |i 1343629  |o 515.55 BRE 1980  |p 1343629  |r 2025-01-07  |w 2019-11-20  |y BK  |k MAT